<?xml version="1.0" encoding="UTF-8"?><?xml-stylesheet type="text/xsl" href="static/style.xsl"?><OAI-PMH xmlns="http://www.openarchives.org/OAI/2.0/" xmlns:xsi="http://www.w3.org/2001/XMLSchema-instance" xsi:schemaLocation="http://www.openarchives.org/OAI/2.0/ http://www.openarchives.org/OAI/2.0/OAI-PMH.xsd"><responseDate>2026-05-16T22:10:09Z</responseDate><request verb="GetRecord" identifier="oai:repisalud.isciii.es:20.500.12105/23052" metadataPrefix="marc">https://repisalud.isciii.es/rest/oai/request</request><GetRecord><record><header><identifier>oai:repisalud.isciii.es:20.500.12105/23052</identifier><datestamp>2024-11-29T02:21:24Z</datestamp><setSpec>com_20.500.12105_15322</setSpec><setSpec>com_20.500.12105_2051</setSpec><setSpec>col_20.500.12105_16967</setSpec></header><metadata><record xmlns="http://www.loc.gov/MARC21/slim" xmlns:dcterms="http://purl.org/dc/terms/" xmlns:doc="http://www.lyncode.com/xoai" xmlns:xsi="http://www.w3.org/2001/XMLSchema-instance" xsi:schemaLocation="http://www.loc.gov/MARC21/slim http://www.loc.gov/standards/marcxml/schema/MARC21slim.xsd">
   <leader>00925njm 22002777a 4500</leader>
   <datafield ind2=" " ind1=" " tag="042">
      <subfield code="a">dc</subfield>
   </datafield>
   <datafield ind2=" " ind1=" " tag="720">
      <subfield code="a">Fullana Barcelo, Maria Isabel</subfield>
      <subfield code="e">author</subfield>
   </datafield>
   <datafield ind2=" " ind1=" " tag="720">
      <subfield code="a">Asensio Rodriguez, Javier</subfield>
      <subfield code="e">author</subfield>
   </datafield>
   <datafield ind2=" " ind1=" " tag="720">
      <subfield code="a">Artigues Serra, Francisca</subfield>
      <subfield code="e">author</subfield>
   </datafield>
   <datafield ind2=" " ind1=" " tag="720">
      <subfield code="a">Ferré Beltrán, Adrián</subfield>
      <subfield code="e">author</subfield>
   </datafield>
   <datafield ind2=" " ind1=" " tag="720">
      <subfield code="a">Salva D'Agosto, Pilar</subfield>
      <subfield code="e">author</subfield>
   </datafield>
   <datafield ind2=" " ind1=" " tag="720">
      <subfield code="a">Almodovar Garcia, Maria</subfield>
      <subfield code="e">author</subfield>
   </datafield>
   <datafield ind2=" " ind1=" " tag="720">
      <subfield code="a">Lopez Bilbao, Maria del Carmen</subfield>
      <subfield code="e">author</subfield>
   </datafield>
   <datafield ind2=" " ind1=" " tag="720">
      <subfield code="a">Sanchis, Pilar</subfield>
      <subfield code="e">author</subfield>
   </datafield>
   <datafield ind2=" " ind1=" " tag="720">
      <subfield code="a">Reina, Jordi</subfield>
      <subfield code="e">author</subfield>
   </datafield>
   <datafield ind2=" " ind1=" " tag="720">
      <subfield code="a">Riera, Melchor</subfield>
      <subfield code="e">author</subfield>
   </datafield>
   <datafield ind2=" " ind1=" " tag="260">
      <subfield code="c">2020-10</subfield>
   </datafield>
   <datafield ind2=" " ind1=" " tag="520">
      <subfield code="a">Background: Information on the characteristics of patients with nosocomial influenza and associated complications is scarce. This study compared epidemiological and clinical characteristics of patients admitted with hospital-acquired influenza (HAI) to those with community-acquired influenza (CAI) and analyzed risk factors associated with complications. Methods: This retrospective, observational study included all adult patients with confirmed influenza virus infection admitted to Son Espases University Hospital during the influenza season in Spain (October to May) from 2012-2013 to 2015-2016. Symptom onset before admission was included as CAI, and 2 days after admission or within 48 hours after previous discharge were considered as HAI. Results: Overall, 666 patients with laboratory-confirmed influenza were included; 590 (88.6%) and 76 (11.4%) had CAI and HAI, respectively. Baseline characteristics and vaccination rates were similar in both groups. Patients with HAI had significantly fewer symptoms, less radiological alterations, and earlier microbiological diagnosis than those with CAI. Eighty-five (14.4%) and 20 (27.6%) CAI and HAI patients, respectively, experienced at least one complication, including septic shock, admission to the intensive care unit, mechanical ventilation or evolution to death (any one, P = .003). Univariate and multivariate binary logistic regression was performed to assess independent risk factors associated with the occurrence of complications: nosocomial infection, diabetes, oseltamivir treatment, having received no vaccination, microbiological delay, dyspnea, and the state of confusion were the most important significant factors. Conclusions: Our study shows the need to implement microbiological diagnostic measures in the first 48 hours to reduce HAI frequency and associated complications.</subfield>
   </datafield>
   <datafield ind1="8" ind2=" " tag="024">
      <subfield code="a">Fullana Barcelo MI, Asensio Rodriguez J, Artigues Serra F, Ferre Beltran A, Salva D'Agosto P, Almodovar Garcia M, et al. Epidemiological and clinical characteristics of community-acquired and nosocomial influenza cases and risk factors associated with complications: A four season analysis of all adult patients admitted in a tertiary hospital. Influenza Other Respir Viruses. Epub 2020 Oct 30.</subfield>
   </datafield>
   <datafield ind1="8" ind2=" " tag="024">
      <subfield code="a">10.1111/irv.12823</subfield>
   </datafield>
   <datafield ind1="8" ind2=" " tag="024">
      <subfield code="a">1750-2659</subfield>
   </datafield>
   <datafield ind1="8" ind2=" " tag="024">
      <subfield code="a">1750-2640</subfield>
   </datafield>
   <datafield ind1="8" ind2=" " tag="024">
      <subfield code="a">Influenza and Other Respiratory Viruses</subfield>
   </datafield>
   <datafield ind1="8" ind2=" " tag="024">
      <subfield code="a">http://hdl.handle.net/20.500.13003/8987</subfield>
   </datafield>
   <datafield ind1="8" ind2=" " tag="024">
      <subfield code="a">33125178</subfield>
   </datafield>
   <datafield ind1="8" ind2=" " tag="024">
      <subfield code="a">L2007113691</subfield>
   </datafield>
   <datafield ind1="8" ind2=" " tag="024">
      <subfield code="a">2-s2.0-85094629919</subfield>
   </datafield>
   <datafield ind1="8" ind2=" " tag="024">
      <subfield code="a">https://hdl.handle.net/20.500.12105/23052</subfield>
   </datafield>
   <datafield ind1="8" ind2=" " tag="024">
      <subfield code="a">585032300001</subfield>
   </datafield>
   <datafield tag="653" ind2=" " ind1=" ">
      <subfield code="a">Community-acquired influenza</subfield>
   </datafield>
   <datafield tag="653" ind2=" " ind1=" ">
      <subfield code="a">Complications</subfield>
   </datafield>
   <datafield tag="653" ind2=" " ind1=" ">
      <subfield code="a">Epidemiology</subfield>
   </datafield>
   <datafield tag="653" ind2=" " ind1=" ">
      <subfield code="a">hospital-acquired influenza</subfield>
   </datafield>
   <datafield ind2="0" ind1="0" tag="245">
      <subfield code="a">Epidemiological and clinical characteristics of community-acquired and nosocomial influenza cases and risk factors associated with complications: A four season analysis of all adult patients admitted in a tertiary hospital</subfield>
   </datafield>
</record></metadata></record></GetRecord></OAI-PMH>